Statistics for Flags of countries that start with I

Click here to take the quiz!

General Stats

  • This quiz has been taken 32 times
  • The average score is 9 of 9

Answer Stats

Answer% Correct
Iceland
100%
India
100%
Iran
100%
Iraq
100%
Israel
100%
Italy
100%
Ireland
96%
Indonesia
93%
Ivory Coast
93%

Score Distribution

Percentile by Number Answered

Percent of People with Each Score

Your Score History

You have not taken this quiz